000 01204cam a2200397 a 4500
999 _c200425786
_d43709
001 15673250
003 TR-AnTOB
005 20190716112909.0
008 090325s2006 tu a b 000 0 tur d
010 _a 2007460620
020 _a9759806568
020 _a9789759806569
035 _a(OCoLC)ocn174132645
035 _a(OCoLC)174132645
040 _aZCU
_cTR-AnTOB
_beng
_erda
041 _atur
050 0 0 _aBP189.7.B4
_bK84 2006
090 _aBP189.7.B4
_bK84 2006
100 1 _aKüçük, Murat.
245 1 0 _aAllı turna : insan, mekan ve anılar /
_bAnadolu Alevîliğine bakışlar :
_cMurat Küçük.
246 3 0 _aAllı turna
264 _aİstanbul :
_bHorasan Yayınları,
_c2006.
300 _a192 p. :
_bcol. ill. ;
_c22 cm.
336 _2rdacontent
_atext
_btxt
337 _2rdamedia
_aunmediated
_bn
338 _2rdacarrier
_avolume
_bnc
490 0 _aHorasan Yayınları ;
_v18
_aGezi inceleme ;
_v2
500 _a"18"--T.p. verso.
504 _aIncludes bibliographical references.
650 0 _aBektashi
_zTurkey.
650 0 _aDervishes
_zTurkey.
650 0 _aSufism
_zTurkey.
650 0 _aShiites
_zTurkey.
942 _2lcc
_cBK